| 000 | 00622nam a22001697a 4500 | ||
|---|---|---|---|
| 005 | 20251108165011.0 | ||
| 008 | 250721s1984 xx 000 0 ara d | ||
| 082 | 1 | 4 | _a956.06/عبد |
| 100 | 1 | _aحتاملة، عبد الكريم عبده | |
| 245 | 1 | 0 |
_aالمعتمد في خلافة المعتضد بالله العباسي أحمد بن الموفق 279-289هـ : _bدراسة تحليلية - تاريخية - سياسية - إجتماعية / |
| 264 | 1 |
_aعمان : _c1984. |
|
| 300 | _a253ص | ||
| 650 | 1 | 7 | _aالعباسيون 750-1258 |
| 650 | 1 | 7 | _aتاريخ العرب |
| 942 |
_2ddc _cBK |
||
| 999 |
_c19526 _d19526 |
||